00968nam a2200217 i 450000100060000000300090000600500170001500700030003200800410003510000290007624501370010526000920024230000350033470000290036970000310039885200310042985200310046099900170049195201210050895201210062928017ES-MaACL20230906153739.0t|030116s1948 ag ||||1| spa d1 aBailey, Hamilton.92469310aCirugía de urgencia / cpor Hamilton Bailey... ; traducción de la 5ª edición inglesa por Mario Pittaluga y Emilio Rodrigué. aBuenos Aires : bEmecé, c[1948] (fTalls. Gráfs. Sebastián de Amorrortu e Hijos) aXV, 1070 p. : bil. ; c24 cm.1 aPittaluga, Mario.9924271 aRodrigué, Emilio.998191 aES-MaACLjE-1640 bR.27151 aES-MaACLjE-1545 bR.29168 c28017d28017 00104070aATENEOMbATENEOMcDEPO2d2008-01-17eSCl0oE-1545p1028927r2023-02-23 00:00:00w2023-02-23yMONOGRAFIA 00104070aATENEOMbATENEOMcDEPO2d2008-01-17eSCl0oE-1640p1028926r2023-02-23 00:00:00w2023-02-23yMONOGRAFIA